Mistrzowie świata w FC Barcelona - Statystyki

Ogólne statystyki
  • Ten quiz został rozwiązany 100 razy
  • Średni wynik to 15 z 25
Statystyki odpowiedzi
Złoto MŚ Lata gry w Barcelonie Odpowiedź % Poprawnych
2022 2004–2021 Lionel Messi
94%
2010 2002–2018 Andres Iniesta
90%
2010 1998–2015 Xavi
88%
2010 1999–2014 Carles Puyol
80%
2010 2008–2022 Gerard Pique
80%
2010 2008–2023 Sergio Busquets
79%
2018 2016–2023 Samuel Umtiti
78%
2010 2010–2013 David Villa
74%
2002 2003–2008 Ronaldinho
73%
1994, 2002 1996–1997 Ronaldo
72%
2010 2002–2014 Victor Valdes
72%
2002 1997–2002 Rivaldo
69%
2010 2008–2015 Pedro
67%
2018 2019–2022 Antoine Griezmann
66%
2018 2017–2023 Ousmane Dembele
61%
1986 1982–1984 Diego Maradona
56%
2006 2006–2008 Gianluca Zambrotta
47%
1994 1993–1995 Romario
46%
1998 2007–2010 Thierry Henry
46%
1998 2006–2008 Lilian Thuram
31%
1998 2000–2001 Emmanuel Petit
26%
2002 2004–2008 Edmilson
21%
1998 1996–1997 Laurent Blanc
20%
2002 2004–2007 Juliano Belletti
16%
1998 1997–1998 Christophe Dugarry
4%
Nie znaleziono quizów pasujących do podanych kryteriów
Rozkład punktacji
Procent ludzi z każdym wynikiem
Percentyl według liczby udzielonych odpowiedzi
Twoja historia wyników
Nie rozwiązałeś tego quizu